| 000 -LEADER |
| fixed length control field |
01846nam a2200181 4500 |
| 008 - FIXED-LENGTH DATA ELEMENTS--GENERAL INFORMATION |
| fixed length control field |
190225b ||||| |||| 00| 0 eng d |
| 100 ## - MAIN ENTRY--PERSONAL NAME |
| Personal name |
Druckman, James N. |
| 245 ## - TITLE STATEMENT |
| Title |
Gender policy feedback: |
| Remainder of title |
perceptions of sex equity, title IX, and political mobilization among College Athletes |
| 260 ## - PUBLICATION, DISTRIBUTION, ETC. (IMPRINT) |
| Date of publication, distribution, etc |
2018 |
| 300 ## - PHYSICAL DESCRIPTION |
| Extent |
p.642-653. |
| 520 ## - SUMMARY, ETC. |
| Summary, etc |
Public policies invariably confer or deny benefits to particular citizens. How citizens respond to relevant policies has fundamental implications for democratic responsiveness. We study the beliefs of a core constituency of one of the most celebrated sex non-discrimination policies in U.S. history: Title IX of the Education Amendments of 1972. Using a novel survey of college student-athletes, we find strong support for the spirit of the policy, with the vast majority of respondents reporting the opinion that there “should” be equity. Concurrently, student-athletes also perceive mal-distribution among status quo resources and opportunities and believe that redistribution is needed. Furthermore, they are willing to take political action to improve equality. Consistent with our expectations, these beliefs are particularly salient for women and those who perceive persistent sex discrimination in society. Our results reveal “positive policy feedback” among policy beneficiaries of Title IX who mobilize to seek equity in athletics. The dissatisfaction among policy beneficiaries raises questions about democratic responsiveness (e.g., to whom are policymakers and leaders in college athletics responding?) and highlights the political nature of college athletics. - Reproduced. |
| 650 ## - SUBJECT ADDED ENTRY--TOPICAL TERM |
| Topical term or geographic name as entry element |
Sports |
| 9 (RLIN) |
2485 |
| 700 ## - ADDED ENTRY--PERSONAL NAME |
| Personal name |
Rothschild, Jacob E. |
| 9 (RLIN) |
2486 |
| 700 ## - ADDED ENTRY--PERSONAL NAME |
| Personal name |
Sharrow, Elizabeth A. |
| 9 (RLIN) |
2487 |
| 773 ## - HOST ITEM ENTRY |
| Main entry heading |
Political Research Quarterly |
| 906 ## - LOCAL DATA ELEMENT F, LDF (RLIN) |
| Subject DIP |
Gender |
| 942 ## - ADDED ENTRY ELEMENTS (KOHA) |
| Source of classification or shelving scheme |
|
| Item type |
Articles |